Loading...

Adoorinte chalachitrayathrakal /

Bibliographic Details
Main Author: Adoor
Format: Printed Book
Published: Trivandrum : Sign books, 2006.
Subjects:
LEADER 00442nam a22001337a 4500
082 |a 791.45483  |b ADO.A 
100 |a Adoor. 
245 |a Adoorinte chalachitrayathrakal /  |c by M F Thomas. 
260 |a Trivandrum :  |b Sign books,  |c 2006. 
300 |a 120 p. 
650 |a film 
942 |c BK 
999 |c 315015  |d 315015 
952 |0 0  |1 0  |4 0  |6 791_454830000000000_ADO_A  |7 0  |8 MAL  |9 336904  |a POL  |b POL  |c GEN  |d 2020-11-27  |l 0  |o 791.45483 ADO.A  |p POL17332  |r 2020-11-27  |w 2020-11-27  |y BK